[Event "XVII MetLife Najdorf Open 2017"]
[Site "Warsaw"]
[Date "2017.07.11"]
[Round "3.4"]
[White "Kanarek, Marcel"]
[Black "Dragun, Kamil"]
[Result "1/2-1/2"]
[WhiteElo "2509"]
[BlackElo "2621"]
[Annotator "TA"]
[PlyCount "73"]
[EventDate "2017.??.??"]
[EventType "swiss"]
[EventCountry "POL"]
[SourceTitle "playchess.com"]
[Source "ChessBase"]
[SourceQuality "1"]

{[%evp 16,73,0,-1,0,0,0,0,0,-1,-5,-10,-6,-27,0,0,0,0,0,-12,-7,-22,0,0,4,0,0,0,4,0,0,-10,-40,-56,-63,-62,-61,-80,0,0,0,-10,-18,-75,0,-31,-31,-22,61,-7,0,0,0,0,0,0,0,0,0,0]} 1. e4 e5 2. Nf3 Nf6 3. d4 Nxe4 4. Bd3 d5 5. Nxe5 Nd7 6. Nc3 Nxe5 7. dxe5 Nxc3 8. bxc3 Bc5 {C43: Petroff Defence: 3 d4} 9. Qh5 {LiveBook: 16 Games} g6 10. Qh6 Bf8 11. Qf4 $146 ({Predecessor:} 11. Qe3 Be7 12. O-O O-O 13. Rb1 c6 14. c4 {½-½ (26) Gerhardt,F (2645)-Kunzelmann,F (2464) ICCF email 2009}) 11... Qe7 12. O-O Bg7 13. Qa4+ Bd7 14. Qb3 O-O-O 15. Rb1 {[%csl Gb1][%cal Rb3b7]} Bc6 16. f4 $1 Qc5+ 17. Kh1 Rhe8 18. Re1 (18. Ba3 $5 {[%cal Ra3c5]} Qb6 19. Rbe1 $11) 18... b6 19. Be3 Qa5 20. Bd4 Bf8 21. a4 Kb7 22. Ra1 Bd7 {Threatening ...c5.} 23. c4 dxc4 24. Be4+ Kb8 $1 25. Qf3 Be6 26. Bc3 {[#]} Qc5 (26... Bb4 $1 $17 {[%cal Rb4c3]} 27. Bxb4 Qxb4) 27. a5 $11 b5 28. Red1 Be7 29. a6 {[#]} (29. Ba8 $11 {keeps the balance.} Bc8 30. h3) 29... Qb6 (29... Rxd1+ $1 $17 30. Rxd1 Qb6) 30. Rxd8+ Rxd8 31. Ba5 $1 {[%cal Ra5b6]} Qc5 ({Black should try} 31... Qd4 $11 32. Rb1 Bd5 33. Rxb5+ Kc8 34. Qg4+ Be6 35. Bb7+ Kd7) 32. c3 (32. Rb1 $1 $14) 32... Bf8 {The position is equal.} 33. Bb4 Qb6 {Threatens to win with ...Bxb4.} 34. Ba5 $1 {[%cal Ra5b6]} Qc5 35. Bb4 Qb6 {Hoping for ...Bxb4.} 36. Ba5 $1 {[%cal Ra5b6]} Qc5 37. Bb4 {Precision: White = 46%, Black = 65%.} 1/2-1/2

[Event "XVII MetLife Najdorf Open 2017"]
[Site "Warsaw"]
[Date "2017.07.11"]
[Round "3.5"]
[White "Jumabayev, Rinat"]
[Black "Annaberdiev, Meilis"]
[Result "1-0"]
[WhiteElo "2620"]
[BlackElo "2485"]
[Annotator "TA"]
[PlyCount "79"]
[EventDate "2017.??.??"]
[EventType "swiss"]
[EventCountry "POL"]
[SourceTitle "playchess.com"]
[Source "ChessBase"]
[SourceQuality "1"]

{[%evp 17,79,29,28,27,33,27,35,37,39,39,43,42,45,39,41,40,39,0,18,0,0,0,13,0,19,25,32,35,51,0,41,29,59,59,66,69,82,83,97,78,72,74,70,72,64,60,50,47,339,343,336,302,389,453,449,450,430,400,7797,5206,12848,11482,6211,5306]} 1. e4 c6 2. d4 d5 3. exd5 cxd5 4. Bd3 Nc6 5. c3 Qc7 6. Ne2 Bg4 7. O-O {B13: Caro-Kann: Exchange Variation and Panov-Botvinnik Attack} e6 8. Qe1 Bxe2 (8... Bd6 9. f3 Bh5 10. Qh4 Nf6 11. Nf4 Bxf4 12. Bxf4 Qe7 13. Bg5 Bg6 14. Bxg6 fxg6 {½-½ (46) Santos Latasa,J (2542)-Anand,V (2783) Leon 2017}) 9. Qxe2 Bd6 {LiveBook: 8 Games} 10. g3 Nf6 11. Nd2 {[%cal Bb1d2,Bd2f3,Bf3h4][%mdl 32]} O-O 12. Nf3 Rfe8 13. Bg5 Nd7 14. Rad1 a6 15. Rfe1 $146 b5 16. Bc1 h6 17. Nh4 Nf6 18. Ng2 b4 19. Ne3 bxc3 20. bxc3 Bf8 21. Ng4 Nxg4 22. Qxg4 Kh8 23. c4 ({White should play} 23. Bf4 $14 Qa5 24. Re2) 23... Nb4 (23... dxc4 {looks sharper.} 24. Bxc4 Nb4 25. Bb3 a5 26. Bf4 Qb7) 24. c5 Nxd3 25. Rxd3 Qa5 26. Qe2 Qa4 27. Bf4 f6 28. h4 Rac8 29. Rc1 Qb5 {Black wants to play ...e5.} 30. Be3 e5 {[#] ...exd4 is the strong threat.} 31. Qd1 exd4 32. Bxd4 Re1+ $2 {[%mdl 8192]} ({Better is} 32... Rc7 $14) 33. Qxe1 $18 Qxd3 34. Qe6 Rb8 35. c6 {[#] Threatens to win with c7.} Rb1 ({Inferior is} 35... Qxd4 36. c7) 36. Rxb1 Qxb1+ 37. Kg2 {Strongly threatening c7.} Qc2 (37... Qb8 $142 38. Qxd5 Bd6) 38. Qxd5 {White is clearly winning.} Bb4 39. Bb6 Be1 40. Qe6 {Precision: White = 70%, Black = 37%.} 1-0

[Event "XVII MetLife Najdorf Open 2017"]
[Site "Warsaw"]
[Date "2017.07.11"]
[Round "3.6"]
[White "Tomczak, Jacek"]
[Black "Nihal Sarin"]
[Result "1-0"]
[WhiteElo "2596"]
[BlackElo "2471"]
[Annotator "TA"]
[PlyCount "113"]
[EventDate "2017.??.??"]
[EventType "swiss"]
[EventCountry "POL"]
[SourceTitle "playchess.com"]
[Source "ChessBase"]
[SourceQuality "1"]

{[%evp 20,113,8,-7,21,19,41,37,29,55,45,66,212,115,102,91,93,79,85,88,81,56,84,53,65,68,66,58,70,71,68,82,120,90,89,95,108,91,97,97,275,268,243,231,270,280,425,416,683,664,625,198,310,200,208,198,180,139,545,554,608,604,759,739,725,411,443,431,422,420,421,412,434,424,418,415,491,397,486,482,464,458,456,452,1030,981,5712,5712,5887,5712,4670,2508,4710,621,1512,1433]} 1. e4 c6 2. d4 d5 3. Nc3 dxe4 4. Nxe4 Bf5 5. Ng3 Bg6 6. h4 {[%cal Bh2h4,Bh4h5][%mdl 32]} h6 7. Nf3 e6 8. h5 Bh7 9. Bd3 Bxd3 10. Qxd3 Nf6 11. Ne5 {LiveBook: 5 Games. B19: Classical Caro-Kann: 4...Bf5 main line} (11. Bd2 c5 12. Ne4 Nc6 13. Bc3 cxd4 14. Nxd4 Nb4 15. Nxf6+ gxf6 16. Bxb4 Bxb4+ 17. c3 Be7 18. O-O-O Qb6 19. Qb5+ Kf8 {1-0 (55) Wei,Y (2727)-Wang,H (2690) China 2017}) 11... Qa5+ 12. Bd2 Qa6 13. c4 $146 {White is slightly better.} ({Predecessor:} 13. Ne4 Nxe4 14. Qxe4 Qb5 15. O-O-O Qd5 16. Qxd5 cxd5 17. Rh3 Bd6 18. Rb3 {0-1 (55) Pfeiffer,D (1726)-Lochmann,V (1924) Hamburg 2007}) 13... Nbd7 14. O-O Rd8 15. Ng6 Rh7 (15... fxg6 $14 16. Qxg6+ Ke7) 16. Nxf8 ({White should play} 16. Rfe1 $18) 16... Kxf8 $16 17. Bb4+ Kg8 18. Be7 Re8 19. Bd6 Qa5 20. f4 {[%cal Bf2f4,Bf4f5][%mdl 32]} Ng4 21. f5 Qd8 22. Rf4 Ndf6 23. c5 {aiming for Qf3.} e5 24. dxe5 Nxe5 25. Qb3 $36 {[%mdl 2048] White is in control.} Qc8 26. Rb4 b5 27. cxb6 axb6 28. Rxb6 {Hoping for Rb8.} Ned7 29. Rb7 c5 $2 (29... Re3 $16 {was worth a try.} 30. Qxe3 (30. Rc7 Qxc7 31. Bxc7 Rxb3 $16) 30... Qxb7) 30. Qb5 $18 (30. Rc7 $6 Qa6 $18) 30... Rh8 31. a4 (31. Qb3 $6 Re3 $16) 31... Kh7 32. a5 Qd8 (32... Re3 $142 33. Bf4 Qe8) 33. a6 Ng4 (33... Re3 $142 34. Qc4 Rhe8 35. Qxf7 Re1+ 36. Rxe1 Rxe1+ 37. Nf1 Qa8) 34. Rxd7 Qh4 {And now ...Qh2+ would win.} 35. Bf4 $2 (35. Nh1) 35... Qh2+ 36. Kf1 Ne3+ 37. Bxe3 $1 Rxe3 38. Ne2 (38. Qxc5 Rxg3 39. Qf2 Re8 $11) 38... Rhe8 $2 {[%mdl 8192]} (38... Rb8 $16 {is more resistant.} 39. Qxb8 (39. Qxc5 Rxe2 40. Qg1 Qf4+ 41. Kxe2 Rxb2+ 42. Kd1 Qxf5 $11) 39... Qxb8) 39. Rd2 R8e4 {[%cal Be8e4,Be4h4,Bh4h1][%mdl 32] intending ...Rxe2.} 40. Ng1 Qg3 41. Rf2 $1 Rh4 42. a7 Rh1 43. Qc6 {Intending Qg6+ and mate.} (43. a8=Q Qh2 44. Qg8+ Kxg8 45. Ra8+ Kh7 46. Rh8+ Kxh8 47. Qb8+ Qxb8 48. Rf3 Rxf3+ 49. Ke2 Rb3 50. f6 Qe5+ 51. Kf1 Qf4+ 52. Ke2 Rxb2+ 53. Ke1 Rxg1#) 43... f6 {[#]} 44. Qxf6 $1 ({Don't go for} 44. a8=Q $2 Qh2 $19) 44... gxf6 45. a8=Q {Threatening mate with Ra7+.} Re7 {( -> ...Qd3+)} 46. Qd8 Qe5 {[#]} 47. Rd1 $1 ({Weaker is} 47. Qf8 Qd6 $11) 47... Qe4 48. Qd5 Qh4 {Strongly threatening ...Qh2.} 49. g3 {[%cal Bg2g3,Bg3g4][%mdl 32] White is clearly winning.} Qxh5 50. Qf3 Qh3+ 51. Qg2 Qh5 (51... Qg4 $142 52. Rd3 Rh5) 52. g4 Qh4 53. Rfd2 {Rd7 would kill now.} h5 54. Rd7 Rxd7 55. Rxd7+ Kh6 56. Qd2+ Qg5 57. Qxg5+ {Precision: White = 64%, Black = 45%.} 1-0

[Event "XVII MetLife Najdorf Open 2017"]
[Site "Warsaw"]
[Date "2017.07.11"]
[Round "3.7"]
[White "Indjic, Aleksandar"]
[Black "Thybo, Jesper Sondergaard"]
[Result "1-0"]
[WhiteElo "2575"]
[BlackElo "2465"]
[Annotator "TA"]
[PlyCount "45"]
[EventDate "2017.??.??"]
[EventType "swiss"]
[EventCountry "POL"]
[SourceTitle "playchess.com"]
[Source "ChessBase"]
[SourceQuality "1"]

{[%evp 18,45,10,0,57,73,60,59,50,53,79,66,289,294,421,304,460,309,898,876,891,885,1379,1322,1338,1251,29985,29986,29987,29988]} 1. d4 Nf6 2. Bg5 d5 3. Nd2 e6 4. e3 c5 5. c3 Be7 (5... Nc6 6. Bd3 h6 7. Bh4 Qb6 8. Rb1 cxd4 9. exd4 e5 10. Ne2 Be7 11. dxe5 Ne4 12. Bg3 Nxg3 13. hxg3 Nxe5 {½-½ (23) Yu,Y (2721)-Wei,Y (2706) Shenzhen 2016}) 6. Bd3 {D00: 1 d4 d5: Unusual lines} O-O 7. f4 Nbd7 8. Ngf3 b6 9. Ne5 Bb7 10. Qf3 {LiveBook: 4 Games} Nxe5 ({Black should try} 10... h6 $11 11. Bxf6 Bxf6) 11. dxe5 $14 Nd7 12. Qh3 {[%csl Gd3][%cal Rh3h7] [#]} ({But not} 12. Bxe7 Qxe7 13. Qh3 h6 $11) 12... g6 13. Bh6 $146 ({Predecessor:} 13. Nf3 Re8 14. O-O {1-0 (49) Remis Fernandez,J (2309)-De Jong,P (2349) ICCF email 2007}) 13... Re8 14. Nf3 f5 $2 (14... c4 $14 15. Bc2 Nc5) 15. g4 $18 Kh8 (15... d4 {was necessary.} 16. gxf5 exf5) 16. O-O-O c4 (16... fxg4 $142 17. Qxg4 c4) 17. Bc2 Nc5 $2 (17... Bc5 18. gxf5 exf5) 18. Ng5 {[#] White wants to mate with Bg7+!} Bxg5 19. Bxg5 Qd7 20. Bf6+ Kg8 21. Rhg1 Ne4 22. gxf5 {[%cal Bg4f5,Bf5g6][%mdl 32]} Nxf6 23. fxg6 {Precision: White = 74%, Black = 18%.} 1-0

[Event "XVII MetLife Najdorf Open 2017"]
[Site "Warsaw"]
[Date "2017.07.11"]
[Round "3.8"]
[White "Sadzikowski, Daniel"]
[Black "Das, Sayantan"]
[Result "1-0"]
[WhiteElo "2563"]
[BlackElo "2399"]
[Annotator "TA"]
[PlyCount "67"]
[EventDate "2017.??.??"]
[EventType "swiss"]
[EventCountry "POL"]
[SourceTitle "playchess.com"]
[Source "ChessBase"]
[SourceQuality "1"]

{[%evp 14,67,31,21,27,0,63,78,70,70,70,70,70,70,70,70,70,72,64,70,68,76,73,86,132,134,169,159,177,176,226,216,189,218,201,213,181,161,205,204,195,199,172,183,236,228,449,412,628,611,29989,29988,29988,29989,29989,29990]} 1. e4 c5 2. Nf3 d6 3. d4 cxd4 4. Nxd4 Nf6 5. Nc3 a6 6. h3 e5 7. Nde2 b5 8. Ng3 {LiveBook: 11 Games. B90: Sicilian Najdorf: Unusual White 6th moves, 6 Be3 Ng4 and 6 Be3 e5} Be6 (8... Qc7 9. Bd3 Be6 10. O-O Nbd7 11. f4 Be7 12. Qf3 O-O 13. Kh1 Qc6 14. f5 Bc4 15. Bg5 Rac8 {1-0 (41) Ragger,M (2697)-Xiong,J (2667) Wijk aan Zee 2017}) 9. Bg5 Nbd7 (9... Be7 $1 $11) 10. Nh5 $1 $14 {White is slightly better.} Qa5 {[#] And now ...Nxe4 would win.} 11. Bxf6 Nxf6 12. Nxf6+ gxf6 13. Bd3 b4 14. Nd5 $1 Bxd5 15. exd5 Qxd5 16. O-O $146 Rg8 {[%csl Gg8][%cal Rd5g2]} 17. g3 Qc6 18. c4 Be7 19. Bxh7 Rg7 {[#]} 20. Qd3 $1 Rc8 21. Bf5 Qxc4 22. Rac1 Qxc1 23. Rxc1 Rxc1+ 24. Kg2 Rg8 25. h4 {[%cal Bh3h4,Bh4h5,Bh5h6,Bh6h7][%mdl 32]} Kf8 26. Qxa6 d5 27. Qa8+ Kg7 28. Qxd5 Rd8 (28... Rc7 $142 29. Qd3 Rh8) 29. Qb7 Kf8 $2 (29... Bd6 {keeps fighting.} 30. h5 Rc7) 30. h5 $18 Bc5 (30... Rc4 $142 31. h6 Bd6) 31. h6 {Be6! is the strong threat.} Rd2 32. Qa8+ {White mates.} Ke7 33. h7 Rxf2+ 34. Kh3 {Precision: White = 96%, Black = 48%.} 1-0

[Event "XVII MetLife Najdorf Open 2017"]
[Site "Warsaw"]
[Date "2017.07.11"]
[Round "3.9"]
[White "Puranik, Abhimanyu"]
[Black "Dziuba, Marcin"]
[Result "1-0"]
[WhiteElo "2479"]
[BlackElo "2561"]
[Annotator "TA"]
[PlyCount "79"]
[EventDate "2017.??.??"]
[EventType "swiss"]
[EventCountry "POL"]
[SourceTitle "playchess.com"]
[Source "ChessBase"]
[SourceQuality "1"]

{[%evp 19,79,0,16,0,71,71,66,65,68,51,109,100,83,110,129,129,129,119,129,135,125,123,121,100,112,120,148,143,142,163,152,97,89,90,94,84,127,134,110,119,117,114,114,114,119,132,113,108,122,100,99,96,198,198,196,196,187,183,528,527,639,652]} 1. e4 c5 2. Nf3 d6 3. d4 cxd4 4. Nxd4 Nf6 5. Nc3 a6 6. Be3 e5 7. Nf3 Be7 8. Bc4 O-O 9. O-O Qc7 10. Qe2 {B90: Sicilian Najdorf: Unusual White 6th moves, 6 Be3 Ng4 and 6 Be3 e5} b5 {LiveBook: 7 Games} 11. Nd5 Qxc4 $146 (11... Nxd5 $11 {remains equal.} 12. Bxd5 Bb7) ({Predecessor:} 11... Nxd5 12. Bxd5 Bb7 13. Bxb7 Qxb7 14. Nd2 Nd7 15. Rfd1 Rfc8 16. c4 h6 17. b3 Nf6 {0-1 (62) Polgar,J (2685)-Karjakin,S (2771) Dubai 2014}) 12. Nxe7+ {White is better.} Kh8 13. Qxc4 bxc4 14. Rfd1 ({Of course not} 14. Nxc8 $6 Rxc8 15. Rad1 Nxe4 $11) 14... Be6 (14... Nxe4 $14 15. Nd2 Nxd2) 15. Ng5 $16 Re8 16. Nf5 $1 {[%cal Rf5d6]} Bxf5 17. Nxf7+ Kg8 18. Nxd6 Bxe4 19. Nxe8 Nxe8 20. Rd8 Kf7 21. Rad1 {[%mdl 1024] White has strong compensation.} a5 22. f3 Bc6 23. Rc8 {Rdd8 is the strong threat.} c3 24. bxc3 {Strongly threatening Rdd8.} Bb7 {[#]} 25. Rc5 ({White should play} 25. Rcd8 $1 {Hoping for Rb1.} Nf6 26. R1d6) 25... Ke6 {[#]} 26. Rb1 $1 {[%cal Rb1b7]} Nd6 27. Rc7 Nd7 28. Rcxb7 Nxb7 29. Rxb7 {[%mdl 4096] Endgame KRB-KRN} Rc8 30. Bd2 Rc4 31. Kf2 Ra4 32. Rb2 e4 33. fxe4 Nc5 34. Ke2 Nxe4 35. c4 {[%cal Bc3c4,Bc4c5][%mdl 32]} Nd6 (35... Nxd2 $16 36. Kxd2 Rxc4) 36. Rb6 $18 Kd7 37. c5 Nc4 38. Ra6 Kc7 $2 (38... Nxd2 {is a better chance.} 39. Kxd2 h5 40. Ra7+ Kc6 41. Rxg7 Rxa2) 39. Bf4+ Kb7 40. Re6 {Precision: White = 88%, Black = 58%.} 1-0

[Event "XVII MetLife Najdorf Open 2017"]
[Site "Warsaw"]
[Date "2017.07.11"]
[Round "3.10"]
[White "Krzyzanowski, Marcin"]
[Black "Kovalev, Vladislav"]
[Result "1/2-1/2"]
[WhiteElo "2464"]
[BlackElo "2639"]
[Annotator "TA"]
[PlyCount "96"]
[EventDate "2017.??.??"]
[EventType "swiss"]
[EventCountry "POL"]
[SourceTitle "playchess.com"]
[Source "ChessBase"]
[SourceQuality "1"]

{[%evp 34,96,25,20,38,15,12,31,42,0,8,0,8,0,0,6,26,14,17,14,14,14,13,12,22,12,10,16,75,80,81,65,60,91,34,17,14,11,76,73,110,106,108,29,33,33,91,95,124,100,93,52,52,52,54,12,12,8,8,8,52,0,8,0,63]} 1. e4 e5 2. Nf3 Nc6 3. Bb5 {[%cal Bf1b5,Bb5a4,Ba4b3][%mdl 32]} a6 4. Ba4 Nf6 5. O-O Be7 6. Re1 b5 7. Bb3 d6 8. c3 O-O 9. h3 Bb7 10. d4 Re8 11. Ng5 Rf8 12. Nf3 Nd7 13. Nbd2 {[%cal Bb1d2,Bd2f1,Bf1e3,Be3f5][%mdl 32]} exd4 {C92: Closed Ruy Lopez: 9...Be6, Karpov and Flohr-Zaitsev Variations} 14. cxd4 Na5 15. Bc2 Re8 16. Nf1 Bf6 17. Rb1 c5 18. d5 {LiveBook: 28 Games} Nc4 19. b3 Nce5 20. N3h2 Ng6 21. Ne3 Bc3 22. Bd2 Bxd2 23. Qxd2 Nf6 24. Nf5 {[#]} a5 $146 ({Predecessor:} 24... Bc8 25. Ng3 h5 26. Re3 {½-½ (24) Areshchenko,A (2677)-Neiksans,A (2599) Chartres 2017}) 25. f4 b4 26. Ng4 Bc8 27. Nxd6 Qxd6 28. e5 Qb6 29. exf6 Bxg4 30. hxg4 c4+ (30... Qxf6 $11 31. g3 Qd6) 31. Qf2 $16 Qxf2+ 32. Kxf2 cxb3 33. Rxe8+ Rxe8 34. Bxb3 {Kf3 is the strong threat.} Nxf4 35. fxg7 Kxg7 {[%mdl 4096] Endgame [#] KRB-KRN} (35... Nd3+ $1 $11 {remains equal.} 36. Kf3 Kxg7) 36. Rd1 $1 Kf6 {[#]} 37. d6 $1 Ra8 38. d7 ({White should try} 38. Kf3 $16 a4 39. Kxf4 axb3 40. axb3) 38... Ke7 39. Bxf7 Ng6 (39... Rd8 $14 40. Be8 Ne6) 40. Be6 a4 41. Bf5 {aiming for Re1+.} Kd8 42. Rc1 Ne7 43. Be6 Rb8 $1 44. Ke2 b3 45. axb3 axb3 46. Rf1 {White wants to mate with Rf8+.} Kc7 47. Rc1+ (47. d8=R $5 Rxd8 48. Bxb3 $16) 47... Kd8 48. Rf1 (48. g5 $11) 48... Kc7 {Precision: White = 58%, Black = 60%.} 1/2-1/2

[Event "XVII MetLife Najdorf Open 2017"]
[Site "Warsaw"]
[Date "2017.07.11"]
[Round "3.11"]
[White "Efimenko, Zahar"]
[Black "Hnydiuk, Aleksander"]
[Result "1-0"]
[WhiteElo "2643"]
[BlackElo "2422"]
[Annotator "TA"]
[PlyCount "87"]
[EventDate "2017.??.??"]
[EventType "swiss"]
[EventCountry "POL"]
[SourceTitle "playchess.com"]
[Source "ChessBase"]
[SourceQuality "1"]

{[%evp 12,87,11,11,35,17,12,20,15,0,-3,0,77,56,54,33,33,37,36,36,42,47,40,22,26,14,25,22,7,-4,0,0,0,0,15,8,7,0,67,6,62,57,48,64,51,36,68,68,68,67,60,65,65,69,59,68,62,68,94,95,95,95,287,287,287,287,287,287,402,402,402,395,402,402,402,8,29981,29982]} 1. Nf3 c5 2. e3 g6 3. d4 Bg7 4. d5 Nf6 5. Nc3 O-O 6. Bc4 {A40: Unusual replies to 1 d4} d6 7. O-O {LiveBook: 3 Games} Bg4 (7... Re8 8. e4 e6 9. Re1 exd5 10. Nxd5 Nc6 11. Bg5 Be6 {1-0 (34) Kramnik,V (2801)-Sjugirov,S (2674) Sochi 2016}) 8. h3 $146 {White is slightly better.} ({Predecessor:} 8. e4 Nbd7 9. Be2 Bxf3 10. Bxf3 Ne8 11. Be2 a6 {½-½ (53) Demidov,M (2506)-Khalifman,A (2614) Sochi 2016}) 8... Bxf3 9. Qxf3 Nbd7 10. Qd1 a6 11. a4 b6 (11... b5 $11 {remains equal.} 12. axb5 Nb6) 12. e4 Ne8 13. Re1 Nc7 14. Bg5 Re8 15. Qd2 Qb8 16. Bf1 Qb7 17. f4 Rab8 18. Nd1 b5 19. axb5 axb5 20. c3 e6 21. dxe6 Nxe6 22. Bh4 Bh6 23. g3 c4 $1 24. Nf2 Ne5 ({Black should try} 24... Bf8 $11) 25. Qe2 (25. Kg2 $14) 25... Nd3 ({Better is} 25... Nd7 $11) 26. Nxd3 $14 cxd3 27. Qxd3 Nc5 28. Qd5 Nxe4 29. Qxb7 Rxb7 30. Ra5 d5 31. Rxb5 Rxb5 32. Bxb5 Rb8 33. Bc6 Rxb2 34. Bxd5 Nxc3 35. Bf6 Ne2+ 36. Kf2 Nxf4+ $2 {[#]} (36... Nd4+ $16 37. Kf1 Rb5) 37. Bxb2 $18 Nd3+ 38. Ke2 Nxe1 39. Kxe1 Bg7 (39... Be3 $142 40. Ke2 Bh6) 40. Bxg7 Kxg7 41. g4 Kf6 42. Kf2 h5 {[#]} 43. Kf3 $2 (43. gxh5 $1 $18 {And now h6 would win.} gxh5 44. Bc6) 43... g5 $2 {[%mdl 8192]} (43... hxg4+ $11 44. hxg4 Ke7) 44. Ke4 {Precision: White = 60%, Black = 50%.} 1-0

[Event "XVII MetLife Najdorf Open 2017"]
[Site "Warsaw"]
[Date "2017.07.11"]
[Round "3.12"]
[White "Percivaldi, Martin"]
[Black "Mista, Aleksander"]
[Result "0-1"]
[WhiteElo "2433"]
[BlackElo "2599"]
[Annotator "TA"]
[PlyCount "52"]
[EventDate "2017.??.??"]
[EventType "swiss"]
[EventCountry "POL"]
[SourceTitle "playchess.com"]
[Source "ChessBase"]
[SourceQuality "1"]

{[%evp 17,52,-8,69,11,79,8,39,0,20,21,6,11,16,11,21,5,8,0,7,-19,-25,-78,-73,-68,-64,-150,-162,-205,-193,-220,-179,-737,-729,-1014,-1018,-1160,-1150]} 1. d4 Nf6 2. c4 e6 3. Nf3 d5 4. g3 g6 5. Bg2 Bg7 6. O-O O-O 7. Nc3 b6 8. Ne5 Bb7 9. cxd5 {D77: Fianchetto Grünfeld: 6 0-0: Replies other than 6...c6} exd5 {LiveBook: 4 Games} ({Better is} 9... Nxd5 $11 10. e4 Nxc3 11. bxc3 c5) 10. Bf4 (10. Bg5 $14) 10... Qe7 (10... Na6 $11) 11. Qd2 $146 ({White should play} 11. Bg5 $16) ({Predecessor:} 11. Rc1 Rd8 12. Nd3 Na6 13. Be5 Bh6 14. Bf4 Bg7 15. Be5 Bh6 {½-½ (62) Goryachkina,A (2470)-Mista,A (2606) Minsk 2017}) 11... Rd8 12. Bh6 c5 {White must now prevent ...Bxh6.} 13. Bxg7 Kxg7 14. Rfd1 Nbd7 (14... Re8 {is more complex.} 15. e3 Na6 16. Qe2 Nc7 17. Rac1 Ne4) 15. Nxd7 Rxd7 16. Qf4 c4 17. Re1 Re8 18. Rad1 Bc6 19. f3 (19. b3 $11 {keeps the balance.}) 19... b5 $17 20. a3 a5 {[%cal Ba7a5,Ba5b4][%mdl 32]} 21. e4 (21. Ra1 $15) 21... b4 22. axb4 axb4 23. Na2 {[#]} Ra7 $1 {[%cal Ra7a2]} ({Resist} 23... dxe4 24. fxe4 Bxe4 25. Bxe4 $17) 24. Qd2 $2 (24. Nc1) 24... Rxa2 $19 {Black is clearly winning.} 25. exd5 {[#]} Qxe1+ $1 {[%mdl 512]} 26. Rxe1 c3 {Precision: White = 23%, Black = 54%.} 0-1

[Event "XVII MetLife Najdorf Open 2017"]
[Site "Warsaw"]
[Date "2017.07.11"]
[Round "3.13"]
[White "Das, Arghyadip"]
[Black "Sengupta, Deep"]
[Result "1/2-1/2"]
[WhiteElo "2416"]
[BlackElo "2596"]
[Annotator "TA"]
[PlyCount "86"]
[EventDate "2017.??.??"]
[EventType "swiss"]
[EventCountry "POL"]
[SourceTitle "playchess.com"]
[Source "ChessBase"]
[SourceQuality "1"]

{[%evp 23,86,-7,-7,0,45,42,99,107,104,100,128,131,142,142,141,122,126,142,223,225,367,203,224,211,214,210,234,211,200,190,258,258,260,267,263,183,186,148,245,233,351,6,6,6,6,6,6,6,6,8,27,27,27,27,27,27,27,27,35,36,36,39,53,53,61]} 1. e4 c6 2. c4 d5 3. cxd5 cxd5 4. exd5 Nf6 5. Qa4+ Nbd7 6. Nc3 g6 7. Bc4 Bg7 8. d3 {B10: Caro-Kann: 2 d3 and 2 c4} O-O 9. Nf3 a6 10. Qa3 b6 11. O-O Bb7 12. Re1 Re8 {LiveBook: 89 Games} 13. Be3 {[#]} h6 $146 ({Predecessor:} 13... b5 14. Bb3 Nb6 15. Bxb6 Qxb6 {0-1 (36) Bortnyk,O (2579)-Grischuk,A (2747) ICC INT 2016}) 14. Qb4 Rc8 (14... Bf8 $14) 15. a4 $16 Ng4 16. Bf4 {[%cal Be3f4,Bf4g3,Bg3h2][%mdl 32]} g5 17. Bg3 Ngf6 18. h4 Nh5 19. Bh2 ({But not} 19. hxg5 a5 $16) 19... g4 20. Ne5 Ndf6 (20... g3 $16 21. Bxg3 a5) 21. Qb3 $18 Rc5 {[#]} (21... g3 $142) 22. d4 (22. d6 $142 $1 {[%mdl 512]} e6 (22... Qxd6 23. Bxf7+) 23. d4 Rxe5 24. Bxe5) 22... Rxc4 23. Qxc4 ({Don't take} 23. Nxc4 $6 Nxd5 24. Be5 Rf8) 23... Nxd5 24. Nxg4 e6 25. Ne3 Nxe3 26. Rxe3 Qxh4 (26... Qxd4 $142 27. Qc7 Ba8) 27. Qc7 Ba8 28. d5 Qg5 29. Rf3 Qg6 30. Qd7 f5 (30... Rf8 $16 {was called for.} 31. Bd6 Bxc3 32. Rxc3 Bxd5) 31. Re1 Kh7 (31... Nf6 $142 32. Rg3 Nxd7 33. Rxg6 Nf8) 32. Rxe6 $2 (32. Rxf5 $18 Qxf5 33. Qxe8 Bxc3 34. bxc3 Qxd5 35. f3) 32... Rxe6 $11 33. Qxe6 Qxe6 34. dxe6 Bxf3 35. gxf3 {[#] Strongly threatening e7.} Bxc3 36. bxc3 $18 {[%mdl 4096] Endgame KB-KN} Kg7 37. Be5+ Kf8 38. Bd6+ Ke8 39. c4 Ng7 40. Bc7 Nxe6 41. Bxb6 {White is slightly better.} Kd7 42. Kh2 Nf8 43. Kg3 Ng6 {Precision: White = 71%, Black = 52%.} 1/2-1/2